Départements Limitrophes de La Haute-Vienne - Statistiques

Statistiques générales
  • Ce quiz a été pris 64 fois
  • Le résultat moyen est 6 sur 6
Statistiques - réponses
Départements % Correct
Corrèze
98%
Creuse
98%
Charente
97%
Vienne
97%
Dordogne
95%
Indre
93%
Aucun quiz correspondant
Distribution des résultats
% des personnes avec chaque résultat
Percentile par nombre de réponses
Votre historique - résultats
Vous n’avez pas pris ce quiz